000
00294nam a22001337a 4500
008
170629b xxu||||| |||| 00| 0 eng d
020
_a
9780674008649
041
_a
eng
080
_a
94
100
_a
18
101
_a
SHH
245
_a
AFTER THE GOLD WAR
_c
KEOHANE.R.O
942
_2
udc
_c
BK
999
_c
19638
_d
19638